Psicología de la liberación

Saved in:
Bibliographic Details
Main Author: Martín-Baró, Ignacio (autor)
Format: Book
Language:Spanish
Published: Madrid Trotta 1998
Series:Colección Estructuras y Procesos
Subjects:
Tags: Add Tag
No Tags, Be the first to tag this record!

MARC

LEADER 00000nam a2200000 a 4500
001 UCP5575
003 CL-VaPUC
008 990927e19980000SP |||||||||||||||||spa|d
082 0 4 |a 302  |b MAR  |2 21 
100 |a Martín-Baró, Ignacio  |e autor  |9 589388 
245 1 0 |a Psicología de la liberación 
300 |a 374 p 
942 |c BK 
945 |d 19990927 00:00:00  |a rbrito 
260 |a Madrid  |b Trotta  |c 1998 
650 0 |a Cognición   |9 270347 
650 0 |a Fatalismo  |9 308924 
650 0 |a Psicología social   |9 222894 
583 |a last modification  |c 20130101 09:42:12  |k Rodrigo Vera 
490 0 |a Colección Estructuras y Procesos 
999 |c 283306  |d 283304 
952 |0 0  |1 0  |4 0  |6 302_000000000000000_MAR_1998  |7 0  |8 A  |9 326273  |a BIBEDU  |b BIBEDU  |d 2019-11-20  |i 3471918  |l 1  |m 1  |o 302 MAR 1998  |p 3471918  |r 2022-09-13  |s 2022-08-29  |w 2019-11-20  |y BK  |k PSI 
952 |0 0  |1 0  |4 0  |6 302_000000000000000_MAR_1998  |7 0  |8 A  |9 326274  |a BIBEDU  |b BIBEDU  |d 2019-11-20  |i 3659062  |o 302 MAR 1998  |p 3659062  |r 2019-11-20  |w 2019-11-20  |y BK  |k PSI